[Event "WchT Seniors 50"]
[Site "Radebeul"]
[Date "2016.06.30"]
[Round "5.4"]
[White "Kainz, Josef"]
[Black "Majer, Christopher"]
[Result "1/2-1/2"]
[WhiteElo "1877"]
[BlackElo "1915"]
[PlyCount "101"]
[EventDate "2016.06.26"]
[EventType "team-swiss"]
[EventRounds "9"]
[EventCountry "GER"]
[SourceTitle "CBM 173 Extra"]
[Source "ChessBase"]
[SourceDate "2016.08.29"]
[SourceVersion "1"]
[SourceVersionDate "2016.08.29"]
[SourceQuality "1"]
[WhiteTeam "Graz"]
[BlackTeam "England III"]
[WhiteTeamCountry "AUT"]
[BlackTeamCountry "ENG"]

1. d4 Nf6 2. c4 c5 3. d5 b5 4. cxb5 a6 5. bxa6 g6 6. Nc3 Bxa6 7. Nf3 Bg7 8. e4 Bxf1 9. Kxf1 d6 10. g3 Nbd7 11. Kg2 0-0 12. a4 Qa5 13. Bd2 Rfc8 14. Qe2 Qa6 15. Nb5 Ne8 16. Bc3 Nc7 17. Rhe1 Nxb5 18. axb5 Qxa1 19. Rxa1 Rxa1 20. e5 Nxe5 21. Nxe5 Bxe5 22. Bxe5 dxe5 23. Qxe5 Ra7 24. h4 h5 25. f4 Rd7 26. f5 Rcd8 27. fxg6 fxg6 28. Qe6+ Kg7 29. b6 Rb7 30. Qc6 Rdb8 31. Qxc5 Kf7 32. Qf2+ Kg7 33. Qd4+ Kf7 34. Qf4+ Kg7 35. Qe5+ Kf7 36. Qe6+ Kg7 37. Qe5+ Kf7 38. Qe6+ Kg7 39. Kf3 Rxb6 40. Qxe7+ Kh6 41. Ke4 Rxb2 42. Qg5+ Kh7 43. Ke5 Re2+ 44. Kd6 Re1 45. g4 hxg4 46. Qxg4 Rbb1 47. h5 gxh5 48. Qxh5+ Kg7 49. Kc5 Rbc1+ 50. Kd6 Rb1 51. Qf5 1/2-1/2

[Event "BCF-chT3Sd 1516 (4NCL)"]
[Site "England"]
[Date "2016.04.30"]
[Round "9.99"]
[White "Jaszkiwskyj, Peter"]
[Black "Majer, Christopher"]
[Result "1-0"]
[WhiteElo "1982"]
[BlackElo "1939"]
[PlyCount "87"]
[EventDate "2016.03.20"]
[EventType "team-swiss"]
[EventRounds "11"]
[EventCountry "ENG"]
[SourceTitle "EXT 2017"]
[Source "ChessBase"]
[SourceDate "2016.10.25"]
[SourceVersion "1"]
[SourceVersionDate "2016.10.25"]
[SourceQuality "1"]
[WhiteTeam "The Rookies"]
[BlackTeam "MK Phoenix II"]
[WhiteTeamCountry "ENG"]
[BlackTeamCountry "ENG"]

1. d4 Nf6 2. c4 c5 3. d5 b5 4. cxb5 a6 5. bxa6 g6 6. Nc3 Bxa6 7. Nf3 d6 8. e4 Bxf1 9. Kxf1 Nbd7 10. g3 Bg7 11. Kg2 Ng4 12. Bf4 Nge5 13. Nxe5 Nxe5 14. Bxe5 Bxe5 15. Re1 Qa5 16. Qd2 0-0 17. Re2 Rfb8 18. Rc1 Rb7 19. b3 Bxc3 20. Rxc3 Rba7 21. Qe3 Qc7 22. Rcc2 Ra3 23. Qh6 Qb8 24. h4 Qf8 25. Qg5 h6 26. Qf4 Qg7 27. Qd2 Rb8 28. Qc1 Ra7 29. Rc4 Kh7 30. Qb1 Qf8 31. Qd3 Qd8 32. e5 Qa5 33. h5 Rb4 34. e6 f5 35. hxg6+ Kxg6 36. g4 Kg7 37. Qxf5 Rxc4 38. bxc4 Qc3 39. Qf7+ Kh8 40. Qf4 Kh7 41. Re3 Qg7 42. Rf3 Rxa2 43. Qe4+ Kg8 44. Rf7 1-0

[Event "BCF-chT3S 1415 (4NCL)"]
[Site "England"]
[Date "2015.02.14"]
[Round "5.149"]
[White "Breed, Greg"]
[Black "Majer, Christopher"]
[Result "1/2-1/2"]
[WhiteElo "1755"]
[BlackElo "1953"]
[PlyCount "79"]
[EventDate "2014.11.15"]
[EventType "team-swiss"]
[EventRounds "6"]
[EventCountry "ENG"]
[SourceTitle "EXT 2016"]
[Source "ChessBase"]
[SourceDate "2015.10.08"]
[SourceVersion "1"]
[SourceVersionDate "2015.10.08"]
[SourceQuality "1"]
[WhiteTeam "Cambridge III"]
[BlackTeam "MK Phoenix II"]
[WhiteTeamCountry "ENG"]
[BlackTeamCountry "ENG"]

1. d4 Nf6 2. c4 c5 3. d5 b5 4. cxb5 a6 5. Nc3 g6 6. e4 d6 7. Nf3 Nbd7 8. bxa6 Bg7 9. Bb5 Bxa6 10. Bxa6 Rxa6 11. 0-0 0-0 12. Qe2 Qa8 13. Bg5 h6 14. Be3 Ng4 15. h3 Nxe3 16. Qxe3 Rb8 17. Rab1 Kh7 18. Nd2 Bxc3 19. Qxc3 Rxa2 20. b3 Qa5 21. Qxa5 Rxa5 22. Ra1 Rxa1 23. Rxa1 Rb7 24. Rb1 Kg7 25. g4 Kf6 26. f4 Rb4 27. Kf2 Nb6 28. h4 e6 29. g5+ hxg5 30. hxg5+ Ke7 31. dxe6 fxe6 32. Rh1 Kf7 33. Rh7+ Kf8 34. Rb7 Nd5 35. Rxb4 Nxb4 36. Kg3 Kf7 37. Nc4 d5 38. Ne5+ Kg7 39. exd5 exd5 40. Kf3 1/2-1/2

[Event "WchT Seniors 50"]
[Site "Vilnius"]
[Date "2014.07.18"]
[Round "6.7"]
[White "Puroila, Sippo"]
[Black "Majer, Christopher"]
[Result "1-0"]
[WhiteElo "1837"]
[BlackElo "1982"]
[PlyCount "69"]
[EventDate "2014.07.13"]
[EventType "team-swiss"]
[EventRounds "9"]
[EventCountry "LTU"]
[SourceTitle "CBM 161 Extra"]
[Source "ChessBase"]
[SourceDate "2014.08.29"]
[SourceVersion "1"]
[SourceVersionDate "2014.08.29"]
[SourceQuality "1"]
[WhiteTeam "Finland"]
[BlackTeam "England II"]
[WhiteTeamCountry "FIN"]
[BlackTeamCountry "ENG"]

1. e4 d5 2. exd5 Nf6 3. d4 Nxd5 4. Nf3 g6 5. Be2 Bg7 6. 0-0 0-0 7. c4 Nb6 8. Nc3 Nc6 9. Be3 e5 10. d5 Ne7 11. Qb3 h6 12. Rad1 Nf5 13. Bc5 Nd6 14. Ba3 Nf5 15. Bxf8 Qxf8 16. Ne4 Bd7 17. Qc2 Nd4 18. Nxd4 exd4 19. b3 Bf5 20. Bd3 Bxe4 21. Bxe4 Nd7 22. Rfe1 Qc5 23. Bd3 Nf8 24. Re2 a5 25. Qd2 Ra6 26. Rde1 Rb6 27. Re7 a4 28. Qf4 Rf6 29. Qxc7 Qa3 30. Qxb7 axb3 31. Qxb3 Qd6 32. Qc2 Qc5 33. Rb7 Qa5 34. Reb1 Kh7 35. c5 1-0

[Event "BCF-chT3S 1314 (4NCL)"]
[Site "England"]
[Date "2013.11.16"]
[Round "1.248"]
[White "Majer, Christopher"]
[Black "Golding, James"]
[Result "1-0"]
[WhiteElo "2001"]
[BlackElo "1499"]
[PlyCount "77"]
[EventDate "2013.11.16"]
[EventType "team-swiss"]
[EventRounds "6"]
[EventCountry "ENG"]
[SourceTitle "CBM 157 Extra"]
[Source "ChessBase"]
[SourceDate "2013.12.19"]
[SourceVersion "1"]
[SourceVersionDate "2013.12.19"]
[SourceQuality "1"]
[WhiteTeam "MK Phoenix II"]
[BlackTeam "Sandhurst Scorpions"]
[WhiteTeamCountry "ENG"]
[BlackTeamCountry "ENG"]

1. e4 e5 2. Bc4 Nf6 3. d4 exd4 4. Nf3 Nc6 5. e5 d5 6. Bb5 Ne4 7. Nxd4 Bd7 8. Bxc6 bxc6 9. 0-0 Bc5 10. f3 Ng5 11. f4 Ne4 12. Be3 Rb8 13. Nd2 Nxd2 14. Qxd2 Bb6 15. Nb3 0-0 16. f5 Qe7 17. Rae1 Rfe8 18. f6 gxf6 19. Bxb6 cxb6 20. exf6 Qf8 21. Qf4 Rbc8 22. Rxe8 Bxe8 23. Qf5 Rc7 24. Rf3 Bd7 25. Rg3+ Kh8 26. Qf4 Rb7 27. Rg7 Qe8 28. Nd2 Qe1+ 29. Nf1 Bc8 30. Qg5 Qe8 31. Qh5 Qe4 32. Rxf7 Rxf7 33. Qxf7 Qg6 34. Qe7 Kg8 35. Qd8+ Kf7 36. Qxc8 Qxf6 37. Qd7+ Kg6 38. Qg4+ Kf7 39. Qf3 1-0

[Event "BCF-chT3 1213 (4NCL)"]
[Site "England"]
[Date "2013.05.04"]
[Round "9"]
[White "Majer, Christopher"]
[Black "Smith, Patrick L"]
[Result "0-1"]
[WhiteElo "2017"]
[BlackElo "1795"]
[PlyCount "96"]
[EventDate "2012.11.03"]
[EventType "team-swiss"]
[EventRounds "11"]
[EventCountry "ENG"]
[SourceTitle "EXT 2014"]
[Source "ChessBase"]
[SourceDate "2013.11.20"]
[SourceVersion "1"]
[SourceVersionDate "2013.11.20"]
[SourceQuality "1"]
[WhiteTeam "FCA Solutions II"]
[BlackTeam "KJCA Knights"]
[WhiteTeamCountry "ENG"]
[BlackTeamCountry "ENG"]

1. e4 d6 2. d4 Nf6 3. Nc3 e5 4. Nf3 exd4 5. Nxd4 g6 6. Bg5 Bg7 7. Qd2 0-0 8. Bh6 Re8 9. f3 Nxe4 10. Nxe4 Qh4+ 11. g3 Qxh6 12. 0-0-0 Qxd2+ 13. Rxd2 Rxe4 14. fxe4 Bh6 15. Bc4 Bh3 16. Re1 Nd7 17. Be2 Ne5 18. Nf3 Re8 19. Kd1 Ng4 20. Bd3 Ne3+ 21. Ke2 d5 22. e5 Bg4 23. Kf2 Bxf3 24. Kxf3 Rxe5 25. Rde2 d4 26. g4 Bg5 27. h3 Re6 28. b3 Rf6+ 29. Kg3 Bf4+ 30. Kf2 Bh2+ 31. Bf5 gxf5 32. g5 Rg6 33. Kf3 Bd6 34. Rg1 f6 35. Rd2 c5 36. c3 Be5 37. cxd4 cxd4 38. h4 h6 39. Rc1 fxg5 40. Rc5 g4+ 41. Ke2 g3 42. Kf3 g2 43. Rxg2 Nxg2 44. Rxe5 Nxh4+ 45. Ke2 Kf7 46. Rd5 Re6+ 47. Kd3 Ke7 48. Rxd4 Rd6 0-1

[Event "BCF-chT3S 1112 (4NCL)"]
[Site "England"]
[Date "2011.11.13"]
[Round "2.5"]
[White "Majer, Christopher"]
[Black "Cook, Michael P"]
[Result "1/2-1/2"]
[WhiteElo "2019"]
[BlackElo "2039"]
[PlyCount "45"]
[EventDate "2011.11.12"]
[EventType "team-swiss"]
[EventRounds "6"]
[EventCountry "ENG"]
[SourceTitle "EXT 2013"]
[Source "ChessBase"]
[SourceDate "2012.11.22"]
[SourceVersion "1"]
[SourceVersionDate "2012.11.22"]
[SourceQuality "1"]
[WhiteTeam "FCA Solutions II"]
[BlackTeam "Anglian Avengers II"]
[WhiteTeamCountry "ENG"]
[BlackTeamCountry "ENG"]

1. e4 e5 2. Bc4 Nf6 3. d4 exd4 4. Nf3 Nc6 5. e5 Ng4 6. Bf4 d6 7. Bb5 dxe5 8. Nxe5 Ngxe5 9. Bxe5 Qd5 10. Qe2 Be6 11. Bxc7 Bc5 12. 0-0 0-0 13. Nd2 Rfe8 14. Qf3 Qxf3 15. Nxf3 Bd5 16. Rfe1 Bxf3 17. gxf3 Bb4 18. Rxe8+ Rxe8 19. a3 Bc5 20. Kf1 Re7 21. Bg3 Ne5 22. Bxe5 Rxe5 23. Re1 1/2-1/2

[Event "BCF-chT3 1011 (4NCL)"]
[Site "England"]
[Date "2011.01.15"]
[Round "3.35"]
[White "Majer, Christopher"]
[Black "Miles, Richard"]
[Result "1/2-1/2"]
[WhiteElo "2050"]
[BlackElo "2061"]
[PlyCount "60"]
[EventDate "2010.11.06"]
[EventType "team-swiss"]
[EventRounds "9"]
[EventCountry "ENG"]
[SourceTitle "EXT 2012"]
[Source "ChessBase"]
[SourceDate "2011.11.24"]
[SourceVersion "1"]
[SourceVersionDate "2011.11.24"]
[SourceQuality "1"]
[WhiteTeam "FCA Solutions II"]
[BlackTeam "The Full Ponty"]
[WhiteTeamCountry "ENG"]
[BlackTeamCountry "ENG"]

1. e4 c5 2. Nc3 a6 3. f4 Nc6 4. Nf3 e6 5. g3 d5 6. d3 Nf6 7. e5 Nd7 8. Bg2 Be7 9. 0-0 b5 10. Qe2 b4 11. Nd1 0-0 12. b3 a5 13. a4 bxa3 14. Bxa3 Nb6 15. Nc3 f5 16. exf6 Bxf6 17. Ne5 Nd4 18. Qd2 Qc7 19. Rae1 Re8 20. Bb2 a4 21. bxa4 Nxa4 22. Nxd5 exd5 23. Bxd5+ Be6 24. Bxa8 Rxa8 25. Bxd4 cxd4 26. Nf3 Bh3 27. Rf2 Nc3 28. Ng5 Bxg5 29. fxg5 Nd5 30. Qd1 Qd7 1/2-1/2

[Event "BCF-chT3 0910 (4NCL)"]
[Site "England"]
[Date "2009.10.25"]
[Round "2.1"]
[White "Jones, William EG"]
[Black "Majer, Christopher"]
[Result "1-0"]
[WhiteElo "2084"]
[BlackElo "2054"]
[PlyCount "93"]
[EventDate "2009.10.24"]
[EventType "team-tourn"]
[EventRounds "11"]
[EventCountry "ENG"]
[SourceTitle "EXT 2011"]
[Source "ChessBase"]
[SourceDate "2010.11.26"]
[SourceVersion "1"]
[SourceVersionDate "2010.11.26"]
[SourceQuality "1"]
[WhiteTeam "KJCA Kings"]
[BlackTeam "FCA Solutions II"]
[WhiteTeamCountry "ENG"]
[BlackTeamCountry "ENG"]

1. e4 c6 2. c4 d5 3. cxd5 cxd5 4. exd5 Nf6 5. Qa4+ Nbd7 6. Nc3 g6 7. Bc4 Bg7 8. d3 0-0 9. Nf3 a6 10. Qa3 Nb6 11. Qb3 Qd6 12. Be3 Nbd7 13. a4 Ne5 14. Nxe5 Qxe5 15. d4 Qd6 16. Qa3 Bf5 17. Qxd6 exd6 18. Kd2 Rac8 19. Bd3 Bxd3 20. Kxd3 Rfe8 21. a5 Rc7 22. Ra4 Bf8 23. Rha1 Rb8 24. Rb4 Rbc8 25. Ra3 Rd8 26. Bg5 Be7 27. Bxf6 Bxf6 28. Ne4 Be7 29. Rc3 Rcd7 30. Rcb3 Rb8 31. Rb6 f5 32. Nd2 Bd8 33. Rxa6 Kf7 34. Ra7 Ke7 35. Nc4 Ke8 36. Nb6 Rf7 37. Kc4 Rc7+ 38. Kb5 Rc2 39. Re3+ Kf7 40. b4 Bxb6 41. Kxb6 Kf6 42. f4 Rb2 43. b5 Rb4 44. Re6+ Kf7 45. a6 Kg8 46. Rxb7 Rd8 47. a7 1-0

[Event "Vienna op 16th"]
[Site "Vienna"]
[Date "2009.08.17"]
[Round "3"]
[White "Schmid, Thomas"]
[Black "Majer, Christopher"]
[Result "1-0"]
[WhiteElo "2238"]
[BlackElo "2079"]
[PlyCount "140"]
[EventDate "2009.08.15"]
[EventType "swiss"]
[EventRounds "9"]
[EventCountry "AUT"]
[SourceTitle "CBM 131 Extra"]
[Source "ChessBase"]
[SourceDate "2009.09.03"]
[SourceVersion "2"]
[SourceVersionDate "2009.09.16"]
[SourceQuality "1"]

1. Nc3 d5 2. e4 dxe4 3. Nxe4 Nd7 4. Bc4 e6 5. Nf3 Ngf6 6. d3 Be7 7. 0-0 Nb6 8. Nxf6+ Bxf6 9. Bb3 Bd7 10. d4 Ba4 11. Bxa4+ Nxa4 12. Qe2 Nb6 13. c3 0-0 14. Bf4 Rc8 15. Rfd1 Qe7 16. a4 Nd5 17. Bg3 c6 18. c4 Nc7 19. Ra3 Rfd8 20. Rad3 g6 21. Qe4 Rd7 22. h4 h5 23. Ne5 Rdd8 24. Rf3 Ne8 25. Qf4 Kg7 26. b3 Nd6 27. Rfd3 Nf5 28. Nf3 Nxg3 29. Qxg3 Qc7 30. Qxc7 Rxc7 31. Kf1 Rcd7 32. Ke2 Rd6 33. g3 R6d7 34. Ke3 Rd6 35. b4 Kf8 36. Ne5 a6 37. f3 Ke7 38. Ke4 Kf8 39. R1d2 Ke7 40. f4 Bxe5 41. fxe5 R6d7 42. a5 Kf8 43. Rf3 Kg7 44. Rd1 Kg8 45. Rfd3 Kg7 46. d5 exd5+ 47. cxd5 Rb8 48. dxc6 Rxd3 49. Rxd3 bxc6 50. Rd4 Rb5 51. Rc4 Kf8 52. Kf3 Ke7 53. Rxc6 Rxb4 54. Rxa6 Rb3+ 55. Kf2 Rb5 56. e6 fxe6 57. Ra8 Kf6 58. a6 Ra5 59. a7 Ke5 60. Kf3 Ra3+ 61. Kg2 Ke4 62. Rg8 Rxa7 63. Rxg6 Ra2+ 64. Kh3 Ra5 65. Rxe6+ Kf5 66. Rh6 Ke4 67. Rg6 Kf3 68. Rg5 Ra1 69. Rf5+ Ke4 70. Rxh5 Kf3 1-0

[Event "BCF-chT2d 0809 (4NCL) Demotion pool"]
[Site "Hinckley Island"]
[Date "2009.05.03"]
[Round "10.7"]
[White "Majer, Christopher"]
[Black "Coburn, Joseph A"]
[Result "1-0"]
[WhiteElo "2078"]
[BlackElo "1950"]
[PlyCount "87"]
[EventDate "2008.10.04"]
[EventType "team-tourn"]
[EventRounds "4"]
[EventCountry "ENG"]
[SourceTitle "EXT 2010"]
[Source "ChessBase"]
[SourceDate "2010.11.25"]
[SourceVersion "1"]
[SourceVersionDate "2010.11.25"]
[SourceQuality "1"]
[WhiteTeam "FCA Solutions"]
[BlackTeam "Wessex II"]
[WhiteTeamCountry "ENG"]
[BlackTeamCountry "ENG"]

1. e4 d6 2. d4 Nf6 3. Nc3 g6 4. f4 Bg7 5. a3 0-0 6. Nf3 b6 7. Bd3 c5 8. e5 dxe5 9. dxe5 Nd5 10. Be4 Nc7 11. Qxd8 Rxd8 12. Be3 Bf5 13. Bxa8 Nxa8 14. Rd1 Nc6 15. Rxd8+ Nxd8 16. Kd2 Nc7 17. Rd1 Nc6 18. Kc1 f6 19. exf6 Bxf6 20. Nd5 Nxd5 21. Rxd5 Be6 22. Rd1 h5 23. Bf2 Kf8 24. Bg3 Bg4 25. Rd3 Bf5 26. Rd2 Nd4 27. Nxd4 Bxd4 28. Bf2 Bxf2 29. Rxf2 e6 30. Re2 Ke7 31. h3 b5 32. Kd2 Kd6 33. Ke3 e5 34. Kf3 e4+ 35. Ke3 a5 36. Rd2+ Kc6 37. Rd8 a4 38. Rg8 b4 39. g4 hxg4 40. hxg4 Be6 41. Rxg6 Kd5 42. f5 Bf7 43. Rg7 bxa3 44. bxa3 1-0

[Event "BCF-chT2d 0809 (4NCL) Demotion pool"]
[Site "Hinckley Island"]
[Date "2009.03.22"]
[Round "8.5"]
[White "Majer, Christopher"]
[Black "Richmond, Jane"]
[Result "1/2-1/2"]
[WhiteElo "2081"]
[BlackElo "2137"]
[PlyCount "93"]
[EventDate "2008.10.04"]
[EventType "team-tourn"]
[EventRounds "4"]
[EventCountry "ENG"]
[SourceTitle "EXT 2010"]
[Source "ChessBase"]
[SourceDate "2010.11.25"]
[SourceVersion "1"]
[SourceVersionDate "2010.11.25"]
[SourceQuality "1"]
[WhiteTeam "FCA Solutions"]
[BlackTeam "Brown Jack"]
[WhiteTeamCountry "ENG"]
[BlackTeamCountry "ENG"]

1. e4 e6 2. d4 d5 3. e5 c5 4. c3 Ne7 5. Nf3 Nbc6 6. Be3 Nf5 7. Qd2 Be7 8. dxc5 a5 9. Bd4 a4 10. Na3 b6 11. Bb5 Bd7 12. Bxc6 Bxc6 13. cxb6 Nxd4 14. Qxd4 Ra5 15. 0-0 0-0 16. Nc2 Bc5 17. Qg4 Bb5 18. Rfd1 Qxb6 19. Ncd4 Raa8 20. Rd2 Bc4 21. Qf4 Qc7 22. Qe3 Rab8 23. Qe1 Rb6 24. Qd1 Ra8 25. h3 Qb7 26. Qc2 Rb8 27. Qxa4 Rxb2 28. Qd1 Ba3 29. Nb3 Rxd2 30. Qxd2 Qc7 31. Nfd4 Rc8 32. f4 Ba6 33. Ne2 Bxe2 34. Qxe2 Qxc3 35. Qa6 Bc5+ 36. Nxc5 Qxa1+ 37. Kh2 Rf8 38. Nd7 Qd4 39. Nxf8 Qxf4+ 40. Kh1 Qc1+ 41. Kh2 Qf4+ 42. Kh1 Qc1+ 43. Kh2 Kxf8 44. Qd6+ Ke8 45. Qb8+ Kd7 46. Qd6+ Ke8 47. Qb8+ 1/2-1/2

[Event "BCF-chT2b 0809 (4NCL)"]
[Site "Hinckley Island"]
[Date "2009.01.18"]
[Round "6.2"]
[White "Majer, Christopher"]
[Black "Thomas, Nicholas"]
[Result "0-1"]
[WhiteElo "2081"]
[BlackElo "2315"]
[PlyCount "100"]
[EventDate "2008.10.04"]
[EventType "team-tourn"]
[EventRounds "7"]
[EventCountry "ENG"]
[SourceTitle "EXT 2010"]
[Source "ChessBase"]
[SourceDate "2010.11.25"]
[SourceVersion "1"]
[SourceVersionDate "2010.11.25"]
[SourceQuality "1"]
[WhiteTeam "FCA Solutions"]
[BlackTeam "Warwicks Select"]
[WhiteTeamCountry "ENG"]
[BlackTeamCountry "ENG"]

1. e4 e6 2. d4 d5 3. e5 c5 4. c3 Nc6 5. Nf3 Bd7 6. Bd3 cxd4 7. cxd4 Qb6 8. 0-0 Nxd4 9. Nbd2 Bc5 10. Nxd4 Bxd4 11. Nf3 Bc5 12. b4 Qxb4 13. Rb1 Qa4 14. Qxa4 Bxa4 15. Rxb7 Ne7 16. Bd2 Nc6 17. Ng5 Nxe5 18. Bxh7 Be7 19. Bb1 Bc6 20. Rb3 Nc4 21. Bc1 Bf6 22. Re1 Bxg5 23. Bxg5 Kd7 24. Bd3 f6 25. Bc1 Rab8 26. Bxc4 dxc4 27. Rg3 Rhg8 28. Be3 a6 29. Bd4 Ke7 30. Rc1 Bd5 31. Ra3 Ra8 32. h3 Rgb8 33. Rg3 Kf7 34. Bc3 a5 35. Kh2 Rb5 36. Re1 a4 37. a3 Rb3 38. Bb4 Rc8 39. Rc1 Rb2 40. Kg1 Rc6 41. Rgc3 Rc8 42. Rg3 Rh8 43. Re1 Rh4 44. Rge3 Rf4 45. R1e2 Rb3 46. Re1 Rf5 47. R3e2 Rg5 48. g3 Rh5 49. Kh2 e5 50. g4 Rhxh3+ 0-1